Score 0/15 Timer 02:00
7 Plays Today
Hint Missing Word % Correct
How Do Comedians Like Their _____? Funny Side Up! Eggs
90.7%
Cool as a _____Cucumber
90.7%
Mr. _____ Head Potato
87.7%
_____ Ray RobinsonSugar
86.1%
The Real Housewives of _____ County Orange
84.3%
Blue _____ CultÖyster
77.4%
National _____-Covered Insects DayChocolate
68.4%
Mystic _____Pizza
68.2%
Hint Missing Word % Correct
_____ Barrel Old Country StoreCracker
64.8%
'I Am the _____ of Life'Bread
51.3%
_____ Badger (Mellivora Capensis)Honey
49%
Who Moved My _____?Cheese
41.7%
The _____ Hound ShowHuckleberry
37.9%
Battle of _____ HillHamburger
29.5%
South Georgia and the South _____ IslandsSandwich
20.8%

Today's Daily Dose

Remove Ads.
Support Sporcle.
Get the best of Sporcle when you Go Orange. This ad-free experience offers more features, more stats, and more fun while also helping to support Sporcle. Thank you for becoming a member.

You're not logged in!

Compare scores with friends on all Sporcle quizzes.
OR
Log In

Show Comments

Extras

Top Quizzes Today


Score Distribution

Your Account Isn't Verified!

In order to create a playlist on Sporcle, you need to verify the email address you used during registration. Go to your Sporcle Settings to finish the process.

Report this User

Report this user for behavior that violates our Community Guidelines.

Details: